Наставление от предводителя Второй армии войску ему порученному, каким образом поступать по расположении на зимния квартиры, к заграждению границ в предохранение ему вверенных, при случае неприятельскаго приближения и нападения на учрежденныя кордоны, как форпостам так линиею, а позадь оной и из войск расположенными, сочиненное им в Польше в лагере при деревне Покатилове 1769 года октября 24 дня (Запись № 9705629)
[ простой вид ]
| 000 -МАРКЕР | |
|---|---|
| контрольное поле | 01740nam0a22003011 4500 |
| 001 - ИДЕНТИФИКАТОР ЗАПИСИ | |
| контрольное поле | RU\NLR\A1\29474 |
| 005 - ИДЕНТИФИКАТОР ВЕРСИИ | |
| контрольное поле | 20260409064846.0 |
| 035 ## - ДРУГИЕ СИСТЕМНЫЕ НОМЕРА | |
| Идентификатор записи | (NLR Aleph) 009682010 |
| 100 ## - ДАННЫЕ ОБЩЕЙ ОБРАБОТКИ | |
| Данные общей обработки | 20011101d1769 u y0rusy50 ca |
| 101 0# - ЯЗЫК РЕСУРСА | |
| Язык текста, звукозаписи и т.д. | русский |
| 102 ## - СТРАНА ПУБЛИКАЦИИ ИЛИ ПРОИЗВОДСТВА | |
| Страна публикации | Российская Федерация |
| 200 1# - ЗАГЛАВИЕ И СВЕДЕНИЯ ОБ ОТВЕТСТВЕННОСТИ | |
| Основное заглавие | Наставление от предводителя Второй армии войску ему порученному, каким образом поступать по расположении на зимния квартиры, к заграждению границ в предохранение ему вверенных, при случае неприятельскаго приближения и нападения на учрежденныя кордоны, как форпостам так линиею, а позадь оной и из войск расположенными, сочиненное им в Польше в лагере при деревне Покатилове 1769 года октября 24 дня |
| 210 ## - ПУБЛИКАЦИЯ, РАСПРОСТРАНЕНИЕ И ДР. | |
| Место издания, распространения и т.д. | [СПб. |
| Имя издателя, распространителя и т. д. | Тип. Сухопут. кадет. корпуса |
| Дата издания, распространения и т.д. | 1769] |
| 215 ## - ФИЗИЧЕСКАЯ ХАРАКТЕРИСТИКА | |
| Специфическое обозначение материала и объем | [5] с. |
| Размеры | 2° |
| 303 ## - ОБЩИЕ ПРИМЕЧАНИЯ, ОТНОСЯЩИЕСЯ К ОПИСАТЕЛЬНОЙ ИНФОРМАЦИИ | |
| Текст примечания | Без тит. л. |
| 316 ## - ПРИМЕЧАНИЯ ОБ ОСОБЕННОСТЯХ ЭКЗЕМПЛЯРА | |
| Текст примечания | Экз. РГБ с автогр. авт. |
| Организация и экземпляр, к которому относится поле | NLR |
| 321 1# - ПРИМЕЧАНИЯ ОБ ОТДЕЛЬНО ИЗДАННЫХ УКАЗАТЕЛЯХ / РЕФЕРАТАХ / ССЫЛКАХ, ОТРАЖАЮЩИХ КАТАЛОГИЗИРУЕМЫЙ ДОКУМЕНТ | |
| Примечания об указателях, рефератах, ссылках | СК XVIII 5120 |
| 620 ## - МЕСТО И ДАТА ПУБЛИКАЦИИ, ИСПОЛНЕНИЯ И Т. Д. | |
| Город | Санкт-Петербург |
| 700 #1 - ИМЯ ЛИЦА - ПЕРВИЧНАЯ ОТВЕТСТВЕННОСТЬ | |
| Код отношения | Автор |
| Материалы, к которым относится поле | rus |
| Графика поля | Кириллица |
| Начальный элемент ввода | Панин |
| Часть имени, кроме начального элемента ввода | П. И. |
| Дополнения к именам, кроме дат | граф |
| Даты | 1721-1789 |
| Расширение инициалов личного имени | Петр Иванович |
| Идентификатор авторитетной/нормативной записи | RU\NLR\AUTH\7798083 |
| Системный номер авторитетной/нормативной записи | 81009 |
| 712 02 - НАИМЕНОВАНИЕ ОРГАНИЗАЦИИ - ВТОРИЧНАЯ ОТВЕТСТВЕННОСТЬ | |
| Код отношения | Печатник (типограф) |
| Начальный элемент ввода | Сухопутный шляхетный кадетский корпус |
| Идентифицирующий признак | Петербург |
| Структурное подразделение | Типография |
| Идентификатор авторитетной/нормативной записи | RU\NLR\AUTH\880627501 |
| Системный номер авторитетной/нормативной записи | 2659869 |
| 801 #0 - ИСТОЧНИК ЗАПИСИ | |
| Страна | Российская Федерация |
| Организация | NLR |
| Дата составления | 20011101 |
| 899 ## - ДАННЫЕ О МЕСТОНАХОЖДЕНИИ (устаревшее) | |
| Местонахождение | РГБ |
| 899 ## - ДАННЫЕ О МЕСТОНАХОЖДЕНИИ (устаревшее) | |
| Местонахождение | РГБ |
| 942 ## - ДОПОЛНИТЕЛЬНЫЕ ЭЛЕМЕНТЫ ЗАПИСИ (АБИС) | |
| Тип экземпляра АБИС | Книга |
| 980 ## - КОЛЛЕКЦИЯ | |
| Название коллекции | Национальная библиография |
| 980 ## - КОЛЛЕКЦИЯ | |
| Название коллекции | Русская книга гражданской печати XVIII в. в библиотеках РФ |
Нет доступных экземпляров.